MARC details
| 000 -CABECERA |
| campo de control de longitud fija |
00848nam a2200241 a 4500 |
| 001 - NÚMERO DE CONTROL |
| campo de control |
000025951 |
| 005 - FECHA Y HORA DE LA ÚLTIMA TRANSACCIÓN |
| campo de control |
20200930024158.0 |
| 008 - DATOS DE LONGITUD FIJA--INFORMACIÓN GENERAL |
| campo de control de longitud fija |
110224s1970 sp r 000 0 spa d |
| 040 ## - FUENTE DE LA CATALOGACIÓN |
| Centro catalogador/agencia de origen |
DO-SdBNP |
| Lengua de catalogación |
spa |
| Centro/agencia transcriptor |
BNPHU |
| 041 17 - CÓDIGO DE LENGUA |
| Código de lengua del texto/banda sonora o título independiente |
spa |
| Código de lengua original |
eng |
| Fuente del código |
Código de idioma MARC |
| 082 ## - NÚMERO DE LA CLASIFICACIÓN DECIMAL DEWEY |
| Número de clasificación |
NNN |
| Número de documento/Ítem |
C552p |
| 049 ## - FONDOS LOCALES (OCLC) |
| Fondos de biblioteca |
BNGR |
| 100 1# - ENTRADA PRINCIPAL--NOMBRE DE PERSONA |
| Nombre de persona |
Chovin, Paul |
| Fechas asociadas al nombre |
1890-1976. |
| 9 (RLIN) |
52820 |
| 240 10 - TÍTULO UNIFORME |
| Título uniforme |
La pollution atmosphérique. |
| Lenguaje de la obra |
Español. |
| 245 10 - MENCIÓN DE TÍTULO |
| Título |
La polución atmosférica / |
| Mención de responsabilidad, etc. |
Paul Chovin y Andre Roussel ; traducción de Guillen Frontera. |
| 260 ## - PUBLICACIÓN, DISTRIBUCIÓN, ETC. |
| Lugar de publicación, distribución, etc. |
Barcelona : |
| Nombre del editor, distribuidor, etc. |
Oikos-Tau, |
| Fecha de publicación, distribución, etc. |
1970. |
| 300 ## - DESCRIPCIÓN FÍSICA |
| Extensión |
128 p. ; |
| Dimensiones |
18 cm. |
| 490 1# - MENCIÓN DE SERIE |
| Mención de serie |
Que sais-je? en lengua castellana |
| Designación de volumen o secuencia |
3 |
| 534 ## - NOTA SOBRE LA VERSIÓN ORIGINAL |
| Encabezamiento principal del original |
Título original: |
| Mención de título del original |
La pollution atmosphérique. |
| 504 ## - NOTA DE BIBLIOGRAFÍA, ETC. |
| Nota de bibliografía, etc. |
Incluye bibliografía: |
| 700 1# - PUNTO DE ACCESO ADICIONAL--NOMBRE DE PERSONA |
| Nombre de persona |
Frontera, Guillem |
| Término indicativo de función/relación |
tr. |
| 9 (RLIN) |
52821 |
| 830 #0 - PUNTO DE ACCESO ADICIONAL DE SERIE-TÍTULO UNIFORME |
| Título uniforme |
Que sais-je? en lengua castellana ; |
| Designación de volumen o secuencia |
3 |
| 9 (RLIN) |
8110 |